| 000 | 00425nam a2200121Ia 4500 | ||
|---|---|---|---|
| 008 | 171212s9999 xx 000 0 und d | ||
| 100 | _aScharfstein, Ben-Ami | ||
| 245 |
_cScharfstein, Ben-Ami _aThe Dilemma of Context |
||
| 260 |
_bNew York University Press _c1989 |
||
| 650 | _aEthnology -- Philosophy; Cultural relativism; Philosophy and social sciences | ||
| 650 | _aLaw | ||
| 856 | _uhttp://www.jstor.org/stable/j.ctt9qg89q | ||
| 999 |
_c351559 _d351559 |
||